La certeza vulnerable : cuerpo y fotografía en el siglo XXI /

Kaydedildi:
Detaylı Bibliyografya
Yazar: Pérez, David (ed.)
Materyal Türü: Kitap
Dil:İspanyolca
Baskı/Yayın Bilgisi: Barcelona, España : Gustavo Gili, 2004, c2004
Seri Bilgileri:(FotoGGrafía)
Konular:
Etiketler: Etiketle
Etiket eklenmemiş, İlk siz ekleyin!

MARC

LEADER 00000nam^a2200000^a^4500
001 000177247
005 20250521000000.0
009 20260310101708.246
020 |a 84-252-1974-4 
037 |a Acervo ITESO - Biblioteca 
041 |a ESP 
082 |a 778. 92  |b PER 
100 |a Pérez, David  |e (ed.) 
245 1 3 |a La certeza vulnerable :  |b cuerpo y fotografía en el siglo XXI /  |c Ed. de D. Perez ; tr. por Antonio Fernández Lera, Cristina Zelich, Josep Monter Pérez. 
264 4 |a Barcelona, España :  |b Gustavo Gili,  |c 2004, c2004 
300 |a 374 p. 
336 |a texto  |b txt  |2 rdacontenido 
337 |a sin mediación  |b n  |2 rdamedio 
338 |a volumen  |b nc  |2 rdasoporte 
440 1 |a (FotoGGrafía) 
649 |a XX 
650 |a Estética 
650 |a Cuerpo Humano en la Fotografía -  |x Teoría 
650 |a Cuerpo Humano en la Fotografía -  |x Historia y Crítica 
650 |a Cuerpo Humano en el Arte -  |x Teoría 
650 |a Cuerpo Humano en el Arte -  |x Historia y Crítica 
650 |a Fotografía de Desnudo 
650 |a Fotografía y Sociedad 
650 |a Fotografía -  |x Filosofía 
650 |a Fotografía -  |x Teoría 
650 |a Fotografía -  |x Historia y Crítica 
650 |a Fotografía -  |y Siglo XX 
650 |a Arte y Sociedad 
650 |a Arte -  |x Teoría 
650 |a Arte -  |x Historia y Crítica 
650 |a Arte -  |y Siglo XX 
910 |a Fondo General 
920 |a Impresos - Libros 
930 |a Reserva Especial 
905 |a 103 
901 |a 0500115405  |b IT1  |c REE  |u 20250521 
902 |a https://opac.biblio.iteso.mx/vufind/Record/000177247